Responses for Show #2299 - Thursday, September 8, 1994

Contestants

[<< previous game]

Nancy Ungar, an insurance customer representative from Akron, Ohio

Ron Martell, a copywriter from San Francisco, California

Matt Handel, a marketing analyst from Wayne, Pennsylvania

[next game >>]

Jeopardy! Round responses

STATE CAPITALS
ACTORS ONSTAGE
HOLIDAYS & OBSERVANCES
THE BODY HUMAN
WHEELS
ABBREVIATIONS
    $100 7
Tallahassee

Matt
    $100 5
Sherlock Holmes

Matt
    $100 16
July

Matt
    $100 1
the heart

Matt
    $100 21
a Ferris wheel

Ron
    $100 26
the big man on campus

Matt
    $200 8
Albany

Ron
    $200 9
Tennessee Williams

Nancy
    $200 17
sunrise & sunset

Nancy
    $200 2
the knee

Matt
    $200 22
paddle wheels

Matt
    $200 27
the chief executive officer

Matt
    $300 11
Springfield

Matt
    $300 10
The Goodbye Girl

Matt
    $300 18
trees

Matt
    $300 3
(Matt: What is the liver?)

the brain

Matt
Triple Stumper
    $300 23
a potter's wheel

Matt
    $300 28
Christianity

Nancy
    $400 12
Topeka

Matt
    $400 14
George M!

Nancy
    $400 19
Mardi Gras

Nancy
    $400 4
(Matt: What is bone?)

tooth enamel

MattNancy
    $1,300 24
India

Matt
    $400 29
the vehicle identification number

Matt
    $500 13
Nashville

Matt
    $500 15
Anthony Perkins

Matt
    $500 20
the equinox

Matt
    $500 6
the spleen

Matt
    $500 25
[NOTE: The clue screen contained an extra comma.]

a clock

Triple Stumper
    $500 30
a baronet

Matt

Scores at the first commercial break (after clue 15):

Matt Ron Nancy
$2,300 $200 $1,000

Scores at the end of the Jeopardy! Round:

Matt Ron Nancy
$6,200 $300 $1,900

Double Jeopardy! Round responses

1921
DESIGNERS
ISLANDS
PRIMATES
POLITICAL CONVENTIONS
AUTHORS
    $200 17
the League of Nations

Matt
    $200 2
the Penny

Matt
    $200 1
the Aleutians

Nancy
    $200 22
the gorilla

Matt
    $200 10
Franklin Roosevelt

Matt
    $200 5
(Alex: Yes, author of Just So Stories.)

Rudyard Kipling

Ron
    $400 18
Canada

Ron
    $400 27
airplanes

Matt
    $400 3
Scotland

Matt
    $400 23
the Amazon

Matt
    $400 11
Wendell Willkie

Matt
    $400 6
(General) Lew Wallace

Matt
    $600 19
(Ron: What are the New York Yankees and the Brooklyn Dodgers?)

the Yankees & the Giants

MattRon
    $600 28
costumes

Ron
    $600 4
Hispaniola

Ron
    $600 24
chimpanzees

Ron
    $600 12
Adlai Stevenson

Matt
    $600 7
(E.M.) Forster

Matt
    $800 20
(Ron: What is Norway?)

Sweden

MattRon
    $800 29
Chippendale

Ron
    $800 15
Tasmania

Matt
    $800 25
orangutans

Ron
    $800 13
William Jennings Bryan

Matt
    $800 8
Knickerbocker

Matt
    $1000 21
Ireland (the Irish Free State)

Matt
    $1000 30
dolls

Ron
    $1000 16
Tierra del Fuego

Matt
    $1,400 26
the Capuchin

Ron
    $1000 14
Garfield

Matt
    $1,400 9
(Alex: Good friend of Lillian Hellman, that might explain it.)

Dashiell Hammett

Matt

Scores at the end of the Double Jeopardy! Round:

Matt Ron Nancy
$18,400 $5,300 $2,100
(lock game)

[wagering suggestions for these scores]

Final Jeopardy! Round responses

HISTORIC NAMES
NancyWho is Custer?
$1,000
RonGeorge A. Custer?
$1,000
MattWho was Custer?
$5,000
George A. Custer

Final scores:

Matt Ron Nancy
$23,400 $6,300 $3,100
New champion: $23,400 2nd place: trip on TWA to Honolulu & stay at Pacific Beach Hotel + Jeopardy! home game 3rd place: Samsung 27" TV + Jeopardy! home game

Game dynamics:

Coryat scores:

Matt Ron Nancy
$17,100 $4,900 $2,100
40 R
(including 2 DDs),
2 W
11 R
(including 1 DD),
2 W
7 R,
0 W

Combined Coryat: $24,100

[game clues] [game scores] [suggest correction]

Game tape date: 1994-07-19
The J! Archive is created by fans, for fans. Scraping, republication, monetization, and malicious use prohibited; this site may use cookies and collect identifying information. See terms. The Jeopardy! game show and all elements thereof, including but not limited to copyright and trademark thereto, are the property of Jeopardy Productions, Inc. and are protected under law. This website is not affiliated with, sponsored by, or operated by Jeopardy Productions, Inc. Join the discussion at JBoard.tv.